000 00689nam a2200241 i 4500
001 C2-0299179
003 PPAK
005 20180728080911.0
008 090629s2007 my a|||| ||||| | may d
020 _a9789834278595
040 _aPPAK
_beng
_cPPAK
_erda
082 0 4 _a658.4093
_223
090 0 0 _a658.4093
_bZAI
_dG
100 0 _aZaini Ujang,
_eauthor
245 1 0 _aPengurusan masa :
_bkonsep & penghayatan
264 1 _aKuala Lumpur :
_bCERT Publications ,
_c2007
300 _aviii, 124 pages :
_bcolour illustrations ;
_c22 cm
336 _2rdacontent
_atext
337 _2rdamedia
_aunmediated
338 _2rdacarrier
_avolume
650 1 0 _aTime Management
942 _ddc
_cB
999 _c103152
_d103152